00763nas a2200229Ia 4500001001200000003001000012008004100022040002500063041001300088100003700101210003100138222003100169245006400200250001100264260000900275501012300284300001400407362002600421500005100447650002400498700001100522db12-32964 IT-MiCISF161014c99999999xx |||||||||||| ||und|| aIT-MiCISFcIT-MiCISF aITALIANO aPontificia Accademia per la Vita aRivista diocesana milanese aRivista diocesana milanese 0aCellule staminali umane autologhe e trasferimento di nucleo a1a ed. c2001 bCISF - Centro Internazionale Studi Famiglia - Via Giotto, 36 20145 MILANO (non commercial uses only)cCopyright 2016 app. 83-93 a n. 1, gennaio [2001] a Tema: bioetica, genetica, embrione, trapianti aBIOETICAvdocumento aAA.VV.